00701nam a2200193Ia 4500008004100000020001500041020001800056041000800074050002300082100002200105245010600127260006000233300003100293650002000324650001700344949000900361952012400370999001300494200711s9999 xx 000 0 und d a156563196x a9781565631960 aeng aBR145.S6b.H5 2006 a"Schaff, Philip" aHistory of the Christian church: bNicene and Post-Nicene Christianity A.D.311-590/c" Philip Schaff" a"Peabody, Mass :"b"Hendrickson Publishers, Inc,"c2006 a"xiii, 1049 p."b;c23 cm. aChurch history. aReformation. vv. 3 00102LCC4070aGETSbGETScDUPd2020-07-12l0oBR145.S6 .H5 2006p00000389r2020-07-12 00:00:00tc. 2w2020-07-12yBK c405d405